[Event "NAYCC U08"]
[Site "Toronto CAN"]
[Date "2013.08.17"]
[Round "6"]
[White "Chor, Kevin"]
[Black "Doknjas, Neil"]
[Result "1-0"]
[WhiteElo "1781"]
[BlackElo "1281"]
[PlyCount "85"]
[GameId "2160767909250351"]
[EventDate "2013.08.14"]
[EventType "swiss"]
[EventRounds "9"]
[EventCountry "CAN"]
[SourceTitle "EXT 2022"]
[Source "ChessBase"]
[SourceDate "2021.10.06"]
[SourceVersion "1"]
[SourceVersionDate "2021.10.06"]
[SourceQuality "1"]

1. e4 e5 2. Nf3 Nf6 3. Nxe5 Qe7 4. d4 d6 5. Nf3 Nxe4 6. Be2 Nc6 7. O-O d5 8. c4 Be6 9. Qb3 O-O-O 10. c5 g5 11. Be3 g4 12. Nfd2 f5 13. Qa4 Bg7 14. Bb5 Kd7 15. Qxa7 Rb8 16. Nxe4 fxe4 17. Nc3 Rhc8 18. Rfd1 Kd8 19. Qa4 Ra8 20. Qb3 Na5 21. Qc2 c6 22. Be2 b5 23. b4 Nb7 24. a4 bxa4 25. Nxa4 Rc7 26. Nb6 Rxa1 27. Rxa1 Ke8 28. Ra8+ Kf7 29. Qd2 Bf6 30. Bf4 Rd7 31. Nxd7 Bxd7 32. Ra7 Bf5 33. Bd6 Qe8 34. Rxb7+ Ke6 35. Qf4 Qa8 36. Rb8 Qa1+ 37. Bf1 Qxd4 38. b5 cxb5 39. c6 Bg7 40. c7 Kf6 41. c8=Q Kf7 42. Qfxf5+ Bf6 43. Qf8# 1-0

[Event "NAYCC U08"]
[Site "Toronto CAN"]
[Date "2013.08.17"]
[Round "6"]
[White "Ettibaryan, Levon"]
[Black "Sydykhanov, Arman"]
[Result "1-0"]
[WhiteElo "608"]
[BlackElo "620"]
[PlyCount "97"]
[GameId "2160767909250352"]
[EventDate "2013.08.14"]
[EventType "swiss"]
[EventRounds "9"]
[EventCountry "CAN"]
[SourceTitle "EXT 2022"]
[Source "ChessBase"]
[SourceDate "2021.10.06"]
[SourceVersion "1"]
[SourceVersionDate "2021.10.06"]
[SourceQuality "1"]

1. d4 d5 2. c4 dxc4 3. e3 b5 4. a4 bxa4 5. Bxc4 Bd7 6. Nc3 e6 7. Nf3 Bb4 8. Bd2 Nf6 9. Nxa4 Bxd2+ 10. Nxd2 O-O 11. Nc3 Nc6 12. O-O Ne8 13. Qb3 Qg5 14. d5 exd5 15. Bxd5 Rb8 16. Qa2 Nb4 17. Qc4 Nd6 18. Qc5 Rfd8 19. Rfd1 c6 20. Nf3 Qg6 21. Be4 Nxe4 22. Nxe4 Bf5 23. Nh4 Qe6 24. Qxf5 Qxf5 25. Nxf5 Rxd1+ 26. Rxd1 Nd5 27. Rd2 Rb4 28. Ne7+ Kf8 29. Nxd5 cxd5 30. Nc3 Rb6 31. Nxd5 Ra6 32. h3 f6 33. b4 Kf7 34. b5 Ra5 35. b6 axb6 36. Nxb6 Ra6 37. Nc4 Rc6 38. Rc2 Ke6 39. Na3 Ra6 40. Rc3 Ke5 41. Nc4+ Kd5 42. Nd2 Ra2 43. Nf3 g5 44. Rc7 Ra1+ 45. Kh2 Rf1 46. Kg3 h5 47. h4 g4 48. Nh2 Kd6 49. Rh7 1-0

[Event "NAYCC U08"]
[Site "Toronto CAN"]
[Date "2013.08.17"]
[Round "6"]
[White "Guipi Bopala, Prince Eric jr"]
[Black "Issani, Nameer"]
[Result "0-1"]
[WhiteElo "930"]
[BlackElo "1425"]
[PlyCount "114"]
[GameId "2160767909250353"]
[EventDate "2013.08.14"]
[EventType "swiss"]
[EventRounds "9"]
[EventCountry "CAN"]
[SourceTitle "EXT 2022"]
[Source "ChessBase"]
[SourceDate "2021.10.06"]
[SourceVersion "1"]
[SourceVersionDate "2021.10.06"]
[SourceQuality "1"]

1. d4 Nf6 2. c4 e6 3. Nc3 Bb4 4. Nf3 d5 5. c5 Ne4 6. Bd2 Nxd2 7. Qxd2 Nc6 8. a3 Bxc3 9. bxc3 Na5 10. Qc2 Bd7 11. e3 O-O 12. Bd3 h6 13. O-O Qe8 14. Ne5 Ba4 15. Qb1 Nb3 16. Ra2 Na5 17. Bh7+ Kh8 18. Bg6 b6 19. Nxf7+ Rxf7 20. Bxf7 Qxf7 21. cxb6 cxb6 22. e4 Bb3 23. Ra1 Bc4 24. Re1 Nb3 25. Ra2 Nxd4 26. cxd4 Bxa2 27. Qxa2 Rd8 28. e5 Qf4 29. Qb2 Rc8 30. Re3 Rc4 31. g3 Qxd4 32. Qxd4 Rxd4 33. Kg2 Kh7 34. Kf3 g5 35. g4 Kg6 36. Kg3 h5 37. gxh5+ Kxh5 38. Rf3 Re4 39. Re3 Rxe3+ 40. fxe3 a5 41. h3 b5 42. Kf2 Kh4 43. Kg2 b4 44. axb4 axb4 45. Kf2 Kxh3 46. Ke2 g4 47. Kd3 g3 48. Kd4 g2 49. Kc5 g1=Q 50. Kxb4 Qxe3 51. Kb5 Qxe5 52. Kb4 d4 53. Kb3 d3 54. Kc4 d2 55. Kb4 d1=Q 56. Kc4 Qed5+ 57. Kb4 Q1b3# 0-1

[Event "NAYCC U08"]
[Site "Toronto CAN"]
[Date "2013.08.17"]
[Round "6"]
[White "Guo, Roger"]
[Black "Radin, Andrew"]
[Result "0-1"]
[WhiteElo "636"]
[BlackElo "766"]
[PlyCount "58"]
[GameId "2160767909250354"]
[EventDate "2013.08.14"]
[EventType "swiss"]
[EventRounds "9"]
[EventCountry "CAN"]
[SourceTitle "EXT 2022"]
[Source "ChessBase"]
[SourceDate "2021.10.06"]
[SourceVersion "1"]
[SourceVersionDate "2021.10.06"]
[SourceQuality "1"]

1. e4 e5 2. Nf3 Nc6 3. Nc3 Nf6 4. Bc4 Be7 5. d3 O-O 6. O-O d6 7. h3 Be6 8. Bb3 Nd4 9. Nxd4 exd4 10. Nd5 Bxd5 11. exd5 b5 12. c3 dxc3 13. bxc3 a5 14. Bc2 Nxd5 15. c4 bxc4 16. dxc4 Nf6 17. f4 d5 18. c5 Bxc5+ 19. Kh1 Ne4 20. Qh5 Ng3+ 21. Kh2 Nxh5 22. Be3 Bxe3 23. Bxh7+ Kxh7 24. Rac1 Bxf4+ 25. Kh1 Bxc1 26. g4 Qh4 27. Kh2 Qg3+ 28. Kh1 Qxh3+ 29. Kg1 Be3+ 0-1

[Event "NAYCC U08"]
[Site "Toronto CAN"]
[Date "2013.08.17"]
[Round "6"]
[White "Jeyakumar, Bhavatharshan"]
[Black "Shi, Stephen"]
[Result "1-0"]
[WhiteElo "558"]
[BlackElo "581"]
[PlyCount "84"]
[GameId "2160767909250355"]
[EventDate "2013.08.14"]
[EventType "swiss"]
[EventRounds "9"]
[EventCountry "CAN"]
[SourceTitle "EXT 2022"]
[Source "ChessBase"]
[SourceDate "2021.10.06"]
[SourceVersion "1"]
[SourceVersionDate "2021.10.06"]
[SourceQuality "1"]

1. e4 e5 2. Nf3 Nc6 3. Nc3 Bb4 4. Bb5 Bxc3 5. dxc3 Nf6 6. Bxc6 dxc6 7. Qxd8+ Kxd8 8. Nxe5 Nxe4 9. Nxf7+ Ke8 10. Nxh8 Nf6 11. Bf4 Kf8 12. O-O-O Kg8 13. Rhe1 Kxh8 14. Rd8+ Ng8 15. Re7 b6 16. Be5 h6 17. Bxg7+ Kh7 18. Rxc7 Ne7 19. Rxe7 Bb7 20. Rxa8 Bxa8 21. Bf6+ Kg6 22. Re8 Bb7 23. Rb8 Ba6 24. Bd8 Bf1 25. Ra8 Bxg2 26. Rxa7 b5 27. Ra3 Kf7 28. Ra7+ Ke8 29. Rg7 Kxd8 30. Rxg2 c5 31. Rg6 c4 32. Rxh6 Ke7 33. h4 Kf7 34. h5 Kg7 35. Rb6 b4 36. h6+ Kh7 37. cxb4 c3 38. bxc3 Kh8 39. Rb7 Kg8 40. f4 Kf8 41. f5 Kg8 42. f6 Kf8 1-0

[Event "NAYCC U08"]
[Site "Toronto CAN"]
[Date "2013.08.17"]
[Round "6"]
[White "Kong, Brandon"]
[Black "Rusonik, Max"]
[Result "0-1"]
[WhiteElo "832"]
[BlackElo "650"]
[PlyCount "92"]
[GameId "2160767909250356"]
[EventDate "2013.08.14"]
[EventType "swiss"]
[EventRounds "9"]
[EventCountry "CAN"]
[SourceTitle "EXT 2022"]
[Source "ChessBase"]
[SourceDate "2021.10.06"]
[SourceVersion "1"]
[SourceVersionDate "2021.10.06"]
[SourceQuality "1"]

1. e4 e5 2. Nf3 Nc6 3. d4 d6 4. Bb5 Bd7 5. Nc3 Nf6 6. O-O Be7 7. Bxc6 Bxc6 8. Re1 O-O 9. Bg5 Bd7 10. dxe5 dxe5 11. Nxe5 Ne8 12. Bxe7 Qxe7 13. Nxd7 Rd8 14. Nxf8 Rxd1 15. Raxd1 Kxf8 16. Rd4 c5 17. Rd2 f5 18. Rde2 f4 19. e5 Kf7 20. e6+ Kg6 21. Nd5 Qg5 22. Nc3 f3 23. g3 fxe2 24. Rxe2 Qc1+ 25. Kg2 Qxb2 26. Nd5 Qxa2 27. Nf4+ Kf5 28. Nd3 c4 29. Re5+ Kf6 30. Nb4 Qa4 31. Re2 Qxb4 32. f4 a5 33. g4 h6 34. h4 a4 35. Re5 g6 36. g5+ hxg5 37. hxg5+ Ke7 38. Kg3 Qd6 39. Ra5 Qb4 40. Re5 a3 41. Kg4 a2 42. Re2 a1=Q 43. f5 c3+ 44. Kf3 gxf5 45. g6 Qf1+ 46. Ke3 Qe4# 0-1

[Event "NAYCC U08"]
[Site "Toronto CAN"]
[Date "2013.08.17"]
[Round "6"]
[White "Lu, Maximillian"]
[Black "Tang, Andrew"]
[Result "1-0"]
[WhiteElo "1655"]
[BlackElo "1593"]
[PlyCount "77"]
[GameId "2160767909250357"]
[EventDate "2013.08.14"]
[EventType "swiss"]
[EventRounds "9"]
[EventCountry "CAN"]
[SourceTitle "EXT 2022"]
[Source "ChessBase"]
[SourceDate "2021.10.06"]
[SourceVersion "1"]
[SourceVersionDate "2021.10.06"]
[SourceQuality "1"]

1. e4 c5 2. c3 Nc6 3. d4 cxd4 4. cxd4 d6 5. Nf3 Nf6 6. Nc3 g6 7. h3 Bg7 8. Be3 e6 9. Qd2 O-O 10. Be2 Re8 11. Bh6 Bh8 12. O-O a6 13. Rac1 Bd7 14. Rfd1 Rc8 15. Bg5 Qb6 16. Na4 Qa7 17. Nc3 b5 18. a3 Na5 19. Qf4 e5 20. dxe5 dxe5 21. Nxe5 Re6 22. Rxd7 Qc5 23. Nxf7 Bg7 24. Bg4 Rec6 25. Rd8+ Rxd8 26. Nxd8 Rd6 27. Ne6 Qc7 28. Nxc7 Rc6 29. Bf3 h6 30. Bxf6 Bxf6 31. h4 g5 32. Qg3 Rc5 33. Qd6 Rc6 34. Qd5+ Kh8 35. e5 Bg7 36. e6 Bf8 37. Qd4+ Bg7 38. Qd8+ Kh7 39. Be4# 1-0

[Event "NAYCC U08"]
[Site "Toronto CAN"]
[Date "2013.08.17"]
[Round "6"]
[White "Luo, Owen"]
[Black "Kulic, Mateo"]
[Result "0-1"]
[WhiteElo "992"]
[BlackElo "769"]
[PlyCount "54"]
[GameId "2160767909250358"]
[EventDate "2013.08.14"]
[EventType "swiss"]
[EventRounds "9"]
[EventCountry "CAN"]
[SourceTitle "EXT 2022"]
[Source "ChessBase"]
[SourceDate "2021.10.06"]
[SourceVersion "1"]
[SourceVersionDate "2021.10.06"]
[SourceQuality "1"]

1. e4 c5 2. Nf3 Nc6 3. d4 cxd4 4. Nxd4 Nf6 5. Nc3 e5 6. Nf3 Bb4 7. Bd2 d6 8. a3 Bxc3 9. Bxc3 Nxe4 10. Bd3 Nxc3 11. bxc3 O-O 12. O-O d5 13. Be2 Bf5 14. c4 dxc4 15. Bxc4 Qxd1 16. Raxd1 Bxc2 17. Rd2 Bf5 18. Re1 Rfe8 19. Rb2 Rab8 20. Bd5 Nd8 21. Ng5 h6 22. Nf3 Nc6 23. Rbb1 Bxb1 24. Rxb1 Nd4 25. Nxd4 exd4 26. Rd1 b6 27. Rxd4 Re1# 0-1

[Event "NAYCC U08"]
[Site "Toronto CAN"]
[Date "2013.08.17"]
[Round "6"]
[White "Makaveev, Martin"]
[Black "Liu, Owen"]
[Result "1-0"]
[WhiteElo "836"]
[BlackElo "571"]
[PlyCount "61"]
[GameId "2160767909250359"]
[EventDate "2013.08.14"]
[EventType "swiss"]
[EventRounds "9"]
[EventCountry "CAN"]
[SourceTitle "EXT 2022"]
[Source "ChessBase"]
[SourceDate "2021.10.06"]
[SourceVersion "1"]
[SourceVersionDate "2021.10.06"]
[SourceQuality "1"]

1. e4 c5 2. d4 Nf6 3. Nc3 e5 4. d5 d6 5. Bg5 Bg4 6. Nf3 Be6 7. Bb5+ Ke7 8. O-O a6 9. Bc4 Qb6 10. dxe6 fxe6 11. Bxf6+ gxf6 12. Na4 Qd8 13. c3 Qa5 14. b4 cxb4 15. cxb4 Qxb4 16. Be2 b5 17. Nb6 Ra7 18. a3 Qc5 19. Nc8+ Qxc8 20. a4 b4 21. a5 Ke8 22. Qa4+ Qc6 23. Qxb4 Qc7 24. Rac1 Qd8 25. Qa4+ Ke7 26. Nd2 Qd7 27. Qb3 Ra8 28. Nc4 Bh6 29. Nb6 Qe8 30. Nxa8 Bxc1 31. Rxc1 1-0

[Event "NAYCC U08"]
[Site "Toronto CAN"]
[Date "2013.08.17"]
[Round "6"]
[White "Medina, Benjamin R"]
[Black "Low, Kevin"]
[Result "0-1"]
[WhiteElo "1606"]
[BlackElo "1451"]
[PlyCount "124"]
[GameId "2160767909250360"]
[EventDate "2013.08.14"]
[EventType "swiss"]
[EventRounds "9"]
[EventCountry "CAN"]
[SourceTitle "EXT 2022"]
[Source "ChessBase"]
[SourceDate "2021.10.06"]
[SourceVersion "1"]
[SourceVersionDate "2021.10.06"]
[SourceQuality "1"]

1. e4 d6 2. d4 Nf6 3. Nc3 Nbd7 4. Nf3 e5 5. Bg5 Be7 6. Bc4 O-O 7. Bb3 c6 8. O-O Qc7 9. dxe5 dxe5 10. Qe2 h6 11. Bh4 Re8 12. a3 Nf8 13. Bg3 Ng6 14. h3 Nh5 15. Qc4 Be6 16. Nd5 Nxg3 17. fxg3 Qd7 18. Nxe7+ Qxe7 19. Qc3 Bxb3 20. Qxb3 Rad8 21. Rf2 Kh7 22. Raf1 f6 23. h4 Nf8 24. h5 Ne6 25. c3 Nc5 26. Qc2 Qe6 27. Nh2 Qc4 28. b4 Nd3 29. Re2 a5 30. g4 Nf4 31. Ref2 axb4 32. axb4 Rd3 33. Rf3 Qxe4 34. g3 Qe2 35. Qxe2 Nxe2+ 36. Kf2 Rxf3+ 37. Kxf3 Nxc3 38. Rc1 Nd5 39. Rc4 Ra8 40. b5 Ra3+ 41. Kf2 Ra2+ 42. Kg1 cxb5 43. Rc5 Ne3 44. Rxb5 Rg2+ 45. Kh1 Rxg3 46. Rxb7 Nxg4 47. Nf1 Rh3+ 48. Kg2 Rxh5 49. Kg3 Rg5 50. Kf3 h5 51. Ng3 Nh2+ 52. Kg2 h4 53. Kxh2 hxg3+ 54. Kg2 Kh6 55. Rb8 Kg6 56. Rb6 Kf5 57. Rb5 Kf4 58. Rb4+ e4 59. Ra4 Rd5 60. Ra2 f5 61. Ra1 Rd2+ 62. Kh3 Rh2# 0-1

[Event "NAYCC U08"]
[Site "Toronto CAN"]
[Date "2013.08.17"]
[Round "6"]
[White "Mills, Torin"]
[Black "Kang, Dorian"]
[Result "1/2-1/2"]
[WhiteElo "626"]
[BlackElo "1008"]
[PlyCount "110"]
[GameId "2160767909250361"]
[EventDate "2013.08.14"]
[EventType "swiss"]
[EventRounds "9"]
[EventCountry "CAN"]
[SourceTitle "EXT 2022"]
[Source "ChessBase"]
[SourceDate "2021.10.06"]
[SourceVersion "1"]
[SourceVersionDate "2021.10.06"]
[SourceQuality "1"]

1. d4 d5 2. Nc3 Nf6 3. Bf4 a6 4. e3 Bf5 5. Nf3 Nc6 6. Bd3 e6 7. O-O Bd6 8. Bg3 O-O 9. Qd2 Qd7 10. Rfe1 Rfe8 11. Rad1 Rad8 12. Ne5 Qe7 13. Nxc6 bxc6 14. Be5 Ne4 15. Nxe4 dxe4 16. Bxa6 Ra8 17. Bxd6 Qxd6 18. Bc4 Bg4 19. Rc1 e5 20. Be2 Bxe2 21. Qxe2 exd4 22. Rcd1 Rxa2 23. Rxd4 Qf6 24. Red1 Rxb2 25. Qc4 Rbb8 26. Rd7 Rbc8 27. h3 h6 28. R7d4 Qg6 29. f3 exf3 30. Rg4 Qe6 31. Qc3 Qxe3+ 32. Qxe3 Rxe3 33. Rg3 f2+ 34. Kxf2 Rxg3 35. Kxg3 Kh7 36. c4 Kg6 37. Kg4 f6 38. Rd7 h5+ 39. Kh4 Kh6 40. g4 g5+ 41. Kg3 h4+ 42. Kf3 Rf8 43. Rxc7 f5 44. Rxc6+ Kg7 45. Rc7+ Kg6 46. Rc6+ Rf6 47. Rxf6+ Kxf6 48. c5 fxg4+ 49. Kxg4 Ke5 50. Kxg5 Kd5 51. Kxh4 Kxc5 52. Kg4 Kd5 53. h4 Ke6 54. Kg5 Kf7 55. Kh6 Kg8 1/2-1/2

[Event "NAYCC U08"]
[Site "Toronto CAN"]
[Date "2013.08.17"]
[Round "6"]
[White "Mo, Aidan"]
[Black "Lu, Michael"]
[Result "1-0"]
[WhiteElo "1002"]
[BlackElo "356"]
[PlyCount "35"]
[GameId "2160767909250362"]
[EventDate "2013.08.14"]
[EventType "swiss"]
[EventRounds "9"]
[EventCountry "CAN"]
[SourceTitle "EXT 2022"]
[Source "ChessBase"]
[SourceDate "2021.10.06"]
[SourceVersion "1"]
[SourceVersionDate "2021.10.06"]
[SourceQuality "1"]

1. e4 c5 2. Nf3 d6 3. d4 cxd4 4. Nxd4 Nf6 5. Nc3 a6 6. Bg5 e6 7. Bd3 d5 8. e5 Bc5 9. exf6 Bxd4 10. fxg7 Bxf2+ 11. Kf1 Qxg5 12. gxh8=Q+ Kd7 13. Kxf2 Qf4+ 14. Qf3 Qd2+ 15. Kg1 Nc6 16. Qxf7+ Kd6 17. Qhf8+ Ke5 18. Qf6# 1-0

[Event "NAYCC U08"]
[Site "Toronto CAN"]
[Date "2013.08.17"]
[Round "6"]
[White "Palusa, Maurya"]
[Black "Noorali, Aahil"]
[Result "1-0"]
[WhiteElo "1624"]
[BlackElo "1332"]
[PlyCount "81"]
[GameId "2160767909250363"]
[EventDate "2013.08.14"]
[EventType "swiss"]
[EventRounds "9"]
[EventCountry "CAN"]

1. e4 e5 2. Nf3 Nc6 3. Bb5 d6 4. d4 exd4 5. Nxd4 Bd7 6. O-O Nxd4 7. Bxd7+ Qxd7 8. Qxd4 Nf6 9. Nc3 Be7 10. Nd5 Nxd5 11. Qxg7 O-O-O 12. exd5 Qf5 13. Qd4 Kb8 14. Re1 Bf6 15. Qc4 Rhg8 16. Be3 Rg4 17. Qb3 Rdg8 18. g3 Qf3 19. Bxa7+ Kxa7 20. Qxf3 Bxb2 21. Rab1 Be5 22. Qxf7 R4g7 23. Qf3 Rg4 24. Qb3 b6 25. a4 Rb8 26. a5 b5 27. Qf3 Rg7 28. c4 b4 29. Qe3+ Ka8 30. c5 Re7 31. Qb3 dxc5 32. Qc4 Kb7 33. Qxc5 Bd6 34. Qc6+ Kc8 35. Rxe7 Bxe7 36. Rc1 Bd8 37. d6 Rb7 38. a6 Ra7 39. d7+ Kb8 40. Rb1 b3 41. Rxb3+ 1-0

[Event "NAYCC U08"]
[Site "Toronto CAN"]
[Date "2013.08.17"]
[Round "6"]
[White "Pau, Ethan"]
[Black "Polavaram, Rithik S"]
[Result "0-1"]
[WhiteElo "1535"]
[BlackElo "1562"]
[PlyCount "130"]
[GameId "2160767909250364"]
[EventDate "2013.08.14"]
[EventType "swiss"]
[EventRounds "9"]
[EventCountry "CAN"]
[SourceTitle "EXT 2022"]
[Source "ChessBase"]
[SourceDate "2021.10.06"]
[SourceVersion "1"]
[SourceVersionDate "2021.10.06"]
[SourceQuality "1"]

1. e4 e5 2. Nf3 Nc6 3. Bc4 Bc5 4. O-O d6 5. h3 Nf6 6. d3 O-O 7. Bg5 h6 8. Bxf6 Qxf6 9. c3 Na5 10. Bb3 Nxb3 11. axb3 Re8 12. Nbd2 Bd7 13. Re1 Qg6 14. d4 exd4 15. cxd4 Bb4 16. Re3 Bc6 17. Qe2 f5 18. Nh4 Qg5 19. Nxf5 Bxd2 20. h4 Qg6 21. Qxd2 Bxe4 22. Ng3 Bc6 23. Rae1 Rxe3 24. Rxe3 Re8 25. Rxe8+ Bxe8 26. Qe2 Bc6 27. Qc4+ d5 28. Qc5 Qb1+ 29. Kh2 Qxb2 30. Qxa7 Qxf2 31. Qb8+ Kh7 32. Qxc7 Qxd4 33. Nf5 Qf6 34. Qf4 Bd7 35. g4 Bxf5 36. Qxf5+ Qxf5 37. gxf5 Kg8 38. Kg3 Kf7 39. Kf4 Kf6 40. h5 b6 41. b4 b5 42. Kg4 Ke5 43. Kf3 Kxf5 44. Ke3 Ke5 45. Kd3 d4 46. Kd2 d3 47. Kxd3 Kd5 48. Ke3 Kc4 49. Kf4 Kxb4 50. Kf5 Kc3 51. Kg6 b4 52. Kxg7 b3 53. Kxh6 b2 54. Kg7 b1=Q 55. h6 Qb7+ 56. Kg6 Qe7 57. h7 Qf8 58. Kh5 Qg7 59. h8=Q Qxh8+ 60. Kg5 Qf8 61. Kh5 Qg7 62. Kh4 Kd4 63. Kh3 Ke3 64. Kh2 Kf3 65. Kh3 Qg3# 0-1

[Event "NAYCC U08"]
[Site "Toronto CAN"]
[Date "2013.08.17"]
[Round "6"]
[White "Sun, Frank"]
[Black "Gan, David"]
[Result "0-1"]
[WhiteElo "1097"]
[BlackElo "731"]
[PlyCount "74"]
[GameId "2160767909250365"]
[EventDate "2013.08.14"]
[EventType "swiss"]
[EventRounds "9"]
[EventCountry "CAN"]
[SourceTitle "EXT 2022"]
[Source "ChessBase"]
[SourceDate "2021.10.06"]
[SourceVersion "1"]
[SourceVersionDate "2021.10.06"]
[SourceQuality "1"]

1. e4 e6 2. d4 d5 3. e5 Bb4+ 4. c3 Ba5 5. b4 Bb6 6. Nf3 h6 7. Bd3 Ne7 8. O-O O-O 9. Be3 a5 10. bxa5 Rxa5 11. Bc2 Bd7 12. Qd3 f5 13. h3 Bb5 14. Qd2 Bxf1 15. Kxf1 Qd7 16. a4 Ba7 17. c4 Ra6 18. c5 b5 19. Bd3 Rxa4 20. Rxa4 bxa4 21. Nc3 a3 22. Nb5 c6 23. Nxa3 Qb7 24. Ke2 Nd7 25. g4 fxg4 26. hxg4 Bb8 27. Nh4 Qb3 28. Nc2 Bc7 29. Ng6 Nxg6 30. Bxg6 Qb5+ 31. Bd3 Qb8 32. Ne1 Qe8 33. Nf3 Qf7 34. Nh4 g5 35. Ng6 Qf3+ 36. Kf1 Rf7 37. Be2 Qh1# 0-1

[Event "NAYCC U08"]
[Site "Toronto CAN"]
[Date "2013.08.17"]
[Round "6"]
[White "Tang, Matthew"]
[Black "Hua, Charles"]
[Result "0-1"]
[WhiteElo "1031"]
[BlackElo "1440"]
[PlyCount "60"]
[GameId "2160767909250366"]
[EventDate "2013.08.14"]
[EventType "swiss"]
[EventRounds "9"]
[EventCountry "CAN"]
[SourceTitle "EXT 2022"]
[Source "ChessBase"]
[SourceDate "2021.10.06"]
[SourceVersion "1"]
[SourceVersionDate "2021.10.06"]
[SourceQuality "1"]

1. e4 e5 2. Nf3 Nf6 3. Nxe5 d6 4. Nf3 Nxe4 5. Bc4 Be7 6. d3 Nf6 7. O-O O-O 8. Nc3 a5 9. Re1 d5 10. Nxd5 Nxd5 11. Bxd5 c6 12. Bb3 a4 13. Qe2 axb3 14. Qxe7 Qxe7 15. Rxe7 Rxa2 16. Nd2 Rxa1 17. Nxb3 Ra4 18. Bf4 Be6 19. g3 Nd7 20. Bd6 Rd8 21. c4 Bh3 22. Ba3 b5 23. cxb5 cxb5 24. Re4 Rxe4 25. dxe4 b4 26. Bxb4 Rb8 27. Nc5 Rxb4 28. Nxd7 Rd4 29. f4 Rxd7 30. b4 Rd4 0-1

[Event "NAYCC U08"]
[Site "Toronto CAN"]
[Date "2013.08.17"]
[Round "6"]
[White "Trakru, Rohun"]
[Black "Bayaraa, Chinguun"]
[Result "0-1"]
[WhiteElo "1372"]
[BlackElo "1729"]
[PlyCount "70"]
[GameId "2160767909250367"]
[EventDate "2013.08.14"]
[EventType "swiss"]
[EventRounds "9"]
[EventCountry "CAN"]

1. e4 c5 2. Nf3 d6 3. d4 cxd4 4. Qxd4 Nc6 5. Bb5 Bd7 6. Qd3 a6 7. Ba4 Qc7 8. c3 g6 9. O-O Bg7 10. h3 Nf6 11. Bf4 Qb6 12. Qe2 O-O 13. Na3 Qa5 14. Bb3 b5 15. e5 dxe5 16. Nxe5 Nxe5 17. Qxe5 e6 18. Qe1 Bc6 19. Rd1 Rfd8 20. Nc2 Bd5 21. Ra1 Qb6 22. Bxd5 Nxd5 23. Be5 Rac8 24. Bxg7 Kxg7 25. Qe5+ Kg8 26. Qd4 Qc7 27. Nb4 a5 28. Nxd5 Rxd5 29. Qe3 Rcd8 30. Qg3 Qd7 31. Rab1 Qc6 32. f3 Qc4 33. a3 Rd2 34. f4 Qe4 35. Qe1 Qxg2# 0-1

[Event "NAYCC U08"]
[Site "Toronto CAN"]
[Date "2013.08.17"]
[Round "6"]
[White "Walters, Joshua"]
[Black "Bhanji, Areez"]
[Result "0-1"]
[WhiteElo "290"]
[BlackElo "204"]
[PlyCount "44"]
[GameId "2160767909250369"]
[EventDate "2013.08.14"]
[EventType "swiss"]
[EventRounds "9"]
[EventCountry "CAN"]
[SourceTitle "EXT 2022"]
[Source "ChessBase"]
[SourceDate "2021.10.06"]
[SourceVersion "1"]
[SourceVersionDate "2021.10.06"]
[SourceQuality "1"]

1. e4 e5 2. Qh5 Nf6 3. Qxe5+ Be7 4. Bc4 O-O 5. Na3 c6 6. Qf5 Bc5 7. b3 Qe8 8. Bb2 Nxe4 9. Qg4 Nf6+ 10. Be2 Nxg4 11. f3 Nh6 12. h4 d6 13. Rh3 Bxh3 14. gxh3 Bxg1 15. O-O-O Qxe2 16. Nc4 Re8 17. Ne3 Bxe3 18. dxe3 Qxe3+ 19. Rd2 Re6 20. Bd4 Qf4 21. h5 Nf5 22. Bb2 Re1# 0-1

[Event "NAYCC U08"]
[Site "Toronto CAN"]
[Date "2013.08.17"]
[Round "6"]
[White "Whittingham, Dieter"]
[Black "Xu, Derrick"]
[Result "1-0"]
[WhiteElo "625"]
[BlackElo "627"]
[PlyCount "89"]
[GameId "2160767909250370"]
[EventDate "2013.08.14"]
[EventType "swiss"]
[EventRounds "9"]
[EventCountry "CAN"]
[SourceTitle "EXT 2022"]
[Source "ChessBase"]
[SourceDate "2021.10.06"]
[SourceVersion "1"]
[SourceVersionDate "2021.10.06"]
[SourceQuality "1"]

1. e4 e5 2. Nf3 Nc6 3. d4 Bb4+ 4. c3 Bd6 5. dxe5 Bxe5 6. Nxe5 Nxe5 7. Qd4 d6 8. f4 c5 9. Qa4+ Bd7 10. Qb3 Be6 11. Qxb7 Nc6 12. Qxc6+ Bd7 13. Qd5 Be6 14. Bb5+ Bd7 15. Bxd7+ Qxd7 16. Qxa8+ Qd8 17. Qxd8+ Kxd8 18. O-O h6 19. Rd1 Ke8 20. Rxd6 Ne7 21. Be3 g5 22. Bxc5 Nc8 23. Rc6 Kd7 24. Bd4 Re8 25. Rc5 Rxe4 26. Rd5+ Nd6 27. Bc5 Re1+ 28. Kf2 Re6 29. Rxd6+ Rxd6 30. Bxd6 Kxd6 31. Na3 gxf4 32. Nb5+ Kc5 33. Nxa7 Kd5 34. Re1 h5 35. b4 Kd6 36. b5 Kc7 37. Re7+ Kb8 38. Rxf7 Ka8 39. c4 Kb8 40. c5 Ka8 41. c6 Kb8 42. c7+ Kxa7 43. c8=Q+ Kb6 44. Qb7+ Kc5 45. Qc6+ 1-0

[Event "NAYCC U08"]
[Site "Toronto CAN"]
[Date "2013.08.17"]
[Round "6"]
[White "Wu, Nicholas"]
[Black "Hung, Daniel1"]
[Result "0-1"]
[WhiteElo "1194"]
[BlackElo "1598"]
[PlyCount "134"]
[GameId "2160767909250371"]
[EventDate "2013.08.14"]
[EventType "swiss"]
[EventRounds "9"]
[EventCountry "CAN"]
[SourceTitle "EXT 2022"]
[Source "ChessBase"]
[SourceDate "2021.10.06"]
[SourceVersion "1"]
[SourceVersionDate "2021.10.06"]
[SourceQuality "1"]

1. e4 c5 2. Nc3 Nc6 3. f4 e6 4. Bb5 Qc7 5. Bxc6 Qxc6 6. d3 g6 7. Be3 Bg7 8. d4 Ne7 9. Nf3 Qb6 10. Rb1 cxd4 11. Bxd4 Bxd4 12. Qxd4 Qxd4 13. Nxd4 a6 14. e5 Nf5 15. Nxf5 gxf5 16. O-O b5 17. a4 b4 18. Ne2 a5 19. Ng3 h5 20. Rbd1 Bb7 21. Rd2 h4 22. Ne2 Rg8 23. Nd4 Ba6 24. Rfd1 O-O-O 25. Nb5 Bxb5 26. axb5 Rg4 27. Rf2 Kc7 28. Rd6 Rb8 29. h3 Rgg8 30. Rfd2 Rgd8 31. c4 bxc3 32. bxc3 Rxb5 33. Ra6 Rc5 34. Ra7+ Kc6 35. Ra6+ Kb5 36. Rad6 Rxc3 37. Rxd7 Rxd7 38. Rxd7 a4 39. Kh2 a3 40. Ra7 Kb4 41. Rb7+ Ka4 42. Ra7+ Kb3 43. Rb7+ Ka2 44. Rxf7 Kb2 45. Rb7+ Rb3 46. Ra7 a2 47. g4 hxg3+ 48. Kg2 a1=Q 49. Rxa1 Kxa1 50. h4 Kb2 51. h5 Ka3 52. h6 Ka4 53. h7 Rb8 54. Kxg3 Rh8 55. Kh4 Rxh7+ 56. Kg5 Ra7 57. Kf6 Ra6 58. Ke7 Kb4 59. Kf6 Kc4 60. Kg6 Kd4 61. Kh5 Ke4 62. Kg5 Ra1 63. Kf6 Kxf4 64. Kxe6 Ra6+ 65. Kd5 Ra5+ 66. Kd4 Rxe5 67. Kd3 Re8 0-1